Rodina 9. slovenská demografická konferencia

Saved in:
Bibliographic Details
Other Authors: Trebichavský, Vladimír
Format: Book
Language:Slovak
Czech
Published: Bratislava Slovenská štatistická a demografická spoločnosť 2003
Subjects:
Tags: Add Tag
No Tags, Be the first to tag this record!

MARC

LEADER 00000nam a2200000 4500
001 0019196
005 20240104094955.9
020 |a 80-88946-28-X 
041 0 |a slo 
041 0 |a cze 
044 |a SK 
245 1 0 |a Rodina  |b 9. slovenská demografická konferencia  |c [Zostavil: Vladimír Trebichavský] 
264 1 |a Bratislava  |b Slovenská štatistická a demografická spoločnosť  |c 2003 
300 |a 213 s. 
610 2 0 |a demografia 
610 2 0 |a demografia ekonomická 
610 2 0 |a demografia sociálna 
610 2 0 |a politika populačná 
610 2 0 |a Slovensko 
610 2 0 |a populácia 
610 2 0 |a rodina 
610 2 0 |a domácnosti 
610 2 0 |a sčítanie ľudu 
610 2 0 |a Česko 
610 2 0 |a výdavky obyvateľstva 
610 2 0 |a výchova 
610 2 0 |a manželstvo 
610 2 0 |a deti 
610 2 0 |a spoločnosť 
610 2 0 |a štatistika demografická 
700 1 |a Trebichavský, Vladimír